Quiebra de consumidores y de no consumidores endeudados excesivamente / (Registro nro. 5377)
[ vista simple ]
| 000 -LEADER | |
|---|---|
| fixed length control field | 01008nab a22002297a 4500 |
| 003 - CONTROL NUMBER IDENTIFIER | |
| control field | OSt |
| 005 - DATE AND TIME OF LATEST TRANSACTION | |
| control field | 20250306134243.0 |
| 008 - FIXED-LENGTH DATA ELEMENTS--GENERAL INFORMATION | |
| fixed length control field | 190603e xxum|||| |||| 00| 0 spa d |
| 040 ## - CATALOGING SOURCE | |
| Transcribing agency | PJ |
| 100 ## - MAIN ENTRY--PERSONAL NAME | |
| 9 (RLIN) | 6406 |
| Personal name | Marcos, Guillermo Andrés |
| 245 10 - TITLE STATEMENT | |
| Title | Quiebra de consumidores y de no consumidores endeudados excesivamente / |
| Statement of responsibility, etc | Guillermo Andrés Marcos. |
| 260 ## - PUBLICATION, DISTRIBUTION, ETC. (IMPRINT) | |
| Date of publication, distribution, etc | Ciudad Autónoma de Buenos Aires : |
| Place of publication, distribution, etc | Thomson Reuters La Ley, |
| Name of publisher, distributor, etc | 2024. |
| 300 ## - PHYSICAL DESCRIPTION | |
| Extent | p. 292-296. |
| 500 ## - GENERAL NOTE | |
| General note | Cita Online: TR LALEY AR/DOC/1748/2024.<br/> |
| 505 ## - FORMATTED CONTENTS NOTE | |
| Formatted contents note | Fallo comentado: CCiv. y Com., Azul, sala II ~ 22/02/2024 ~ Sosa, Fernando Ariel s/ quiebra (pequeña). |
| 505 ## - FORMATTED CONTENTS NOTE | |
| Title | ¿Te interesa el texto completo? Solicitalo al correo: koha@justierradelfuego.gov.ar<br/> |
| 650 #0 - SUBJECT ADDED ENTRY--TOPICAL TERM | |
| 9 (RLIN) | 2597 |
| Topical term or geographic name as entry element | DEFENSA DEL CONSUMIDOR |
| 650 #0 - SUBJECT ADDED ENTRY--TOPICAL TERM | |
| 9 (RLIN) | 1737 |
| Topical term or geographic name as entry element | CONCURSOS |
| 650 #0 - SUBJECT ADDED ENTRY--TOPICAL TERM | |
| Topical term or geographic name as entry element | QUIEBRA |
| 9 (RLIN) | 1739 |
| 773 0# - HOST ITEM ENTRY | |
| Host Biblionumber | 2713 |
| Host Itemnumber | 3170 |
| Place, publisher, and date of publication | Ciudad Autónoma de Buenos Aires : Thomson Reuters La Ley, 2015- |
| Title | Revista Código Civil y Comercial. Nº 4 - Agosto 2024 |
| 942 ## - ADDED ENTRY ELEMENTS (KOHA) | |
| Source of classification or shelving scheme | |
| Koha item type | Analítica Artículo de Revista |
No hay ítems disponibles.
